00432nam a2200145 u 450000100100000000500170001000800410002704000250006808200230009310000440011624500480016025000110020826000460021930000210026500002028520240305135410.0100813s1981 cl 000 0 spa d aDO-SdBNPbspacBNPHU axxxxxxxxbxxxxxxxx1 aGarcía Márquez, Gabriel,b1928-201410aLa hojarasca /cGabriel García Márquez. a5a ed. aBogotá, Colombia :bOveja negra,c1981. a134 p. ;c17 cm.